000
00311nam a2200133Ia 4500
005
20251222143134.0
008
251222s9999||||xx |||||||||||||| ||spa||
020
_a
950-808-433-2
082
_a
401.9/T36
100
_a
Temporetti, Félix
245
0
_a
Eso no se Dice!:
264
_b
Homo Sapiens
942
_c
LIB
999
_c
12055
_d
12055